00335nam a2200121Ia 4500008004100000040001600041041001200057082001800069100002100087245004200108260004800150300001500198230917s9999||||xx |||||||||||||| ||und|| e48834aMAIN aEnglish a822.33 S15G:S aGoldman, Michael 0aShakespeare and the energies of drama aPrincetonbPrinceton University Pressc1972 aix, 176 p.